000 00417nam a2200133Ia 4500
005 20260328104252.0
008 260328s9999||||xx |||||||||||||| ||und||
100 _aDíaz Salazar, Francisco
245 0 _aPremio Corona Pro Habitat :
_b Por una Vivienda digna para Colomibia ( 2007-2008) /
_cFrancisco Díaz Salazar
260 _bJL Ediciones
300 _a65 p.
650 _aVIVIENDA DE INTERÉS SOCIAL
942 _cBK
999 _c10274
_d10274